000 00416nam a2200157 a 4500
005 20140412111325.0
008 110129s19uu xx 00 eng d
020 _a0-7235-4116-7
050 _aER
_bMy99 1990
100 _aFitzsimmons, James
245 _aMy Book of pets. /
_cJames Fitzsimmons.
260 _aGreat Britain :
_bWorld Int'l pub,
_c1990.
300 _aunp.
440 _aLittle owl
999 _c104587
_d104587